| 000 | 00411cam a2200157ua 4500 | ||
|---|---|---|---|
| 041 |
_amal _h |
||
| 082 |
_a894.812301 _bKES/AN |
||
| 100 | _aKesavadev, P . | ||
| 245 |
_aAnandakaramaya adimatham / _cP Kesavadev. _hTextual Documents |
||
| 250 |
_a1 / _b. |
||
| 260 |
_aKottayam : _bSahitya Pravarthaka Co-operative Society , _c1962. |
||
| 300 | _a82 ; . | ||
| 504 | _a | ||
| 942 | _cBK | ||
| 999 |
_c11503 _d11503 |
||